Perasmian Sukan Penilaian 1990 [

Bibliographic Details
Corporate Author: Institut Penilaian Negara
Format: Book
Published: Bangi : Institut Penilaian Negara , 1990
Subjects:

MARC

LEADER 00000cam a2200000 7i4500
001 0000021163
005 20080226.0
040 |a INS 
090 0 0 |a VCD 1166 
245 0 0 |a Perasmian Sukan Penilaian 1990 [  |h cakera video] 
260 |a Bangi :   |b Institut Penilaian Negara ,   |c 1990 
300 |a 1 cakera video (130 min.) :   |b bny. wrn. ;   |c 4 3/4 in. 
650 0 0 |a Sports tournaments 
710 1 |a Institut Penilaian Negara 
999 |a VCD0001166   |b VIDEO CD   |c Media Collection   |e Default branch